Представление документа в формате MARC21

ПолеНазваниеЗначение
  Тип записи a
  Библиографический уровень m
001 Контрольный номер RU\infra-m\znanium\bibl\2219016
005 Дата корректировки 20260429142300.1
008 Кодируемые данные 251111s2025 RU g rus u
020 Индекс ISBN __
a ISBN 978-5-16-011827-7
020 Индекс ISBN __
a ISBN 978-5-16-104282-3 (электр. издание)
040 Источник каталогиз. __
a Служба первич. каталог. Общество с ограниченной ответственностью «ЗНАНИУМ»
041 Код языка издания __
a Код языка текста rus
044 Код страны публикации __
a Код страны публикации RU
080 Индекс УДК __
a Индекс УДК 376.2
084 Индекс другой классификации/Индекс ББК __
2 Источник индекса rubbk
a Индекс другой классификации/Индекс ББК 74.3
084 Индекс другой классификации/Индекс ББК __
2 Источник индекса okso
a Индекс другой классификации/Индекс ББК 44.03.02
084 Индекс другой классификации/Индекс ББК __
2 Источник индекса okso
a Индекс другой классификации/Индекс ББК 44.03.03
084 Индекс другой классификации/Индекс ББК __
2 Источник индекса okso
a Индекс другой классификации/Индекс ББК 44.04.02
084 Индекс другой классификации/Индекс ББК __
2 Источник индекса okso
a Индекс другой классификации/Индекс ББК 44.04.03
100 Автор __
a Автор Стребелева Е.А.
q Полное имя Стребелева Елена Антоновна
u Дополнение Институт коррекционной педагогики
245 Заглавие __
a Заглавие Коррекционная помощь детям раннего возраста с органическим поражением центральной нервной системы в группах кратковременного пребывания
b Продолж. заглавия Практическое пособие
c Ответственность Институт коррекционной педагогики; Московский городской педагогический университет; Российская академия образования
250 Сведения об издании __
g испр. и доп.
a Основные сведения об издании 4
260 Выходные данные __
a Место издания Москва
b Издательство ООО "Научно-издательский центр ИНФРА-М"
c Дата издания 2026
300 Физическое описание __
a Объем 128 с.
440 Серия __
a Серия Практическая педагогика
520 Аннотация __
a Аннотация В книге дано описание системного подхода к коррекционно-педагогической работе с детьми третьего года жизни с органическим поражением центральной нервной системы (ЦНС) в условиях групп кратковременного пребывания в дошкольных образовательных учреждениях компенсирующего или комбинированного вида. Книга адресована педагогам (педагогам-дефектологам музыкальным руководителям педагогам-психологам) работающим с детьми имеющими органическое поражение ЦНС и студентам учреждений высшего образования.
521 Примеч. о цел. назн. __
a Примеч. о целев. назн. ДПО - повышение квалификации
650 Тематические рубрики __
a Основная рубрика Педагогика. Образование
x Основная подрубрика Дошкольное воспитание и педагогика
655 Указ. предметных рубрик (устаревшее) __
a Жанр/ форма (устаревшее) Практическое пособие
700 Другие авторы __
a Другие авторы Белякова Ю.Ю.
q Полное имя Белякова Юлия Юрьевна
700 Другие авторы __
a Другие авторы Браткова М.В.
q Полное имя Браткова Маргарита Владимировна
u Дополнение Московский городской педагогический университет
700 Другие авторы __
a Другие авторы Выродова И.А.
q Полное имя Выродова Ирина Анатольевна
u Дополнение Российская академия образования
700 Другие авторы __
a Другие авторы Николаева Т.В.
q Полное имя Николаева Татьяна Вячеславна
u Дополнение Институт коррекционной педагогики
700 Другие авторы __
a Другие авторы Мишина Г. А.
q Полное имя Мишина Галина Александровна
u Дополнение Институт коррекционной педагогики
700 Другие авторы __
a Другие авторы Пронина Л.В.
q Полное имя Пронина Лариса Васильевна
u Дополнение Институт коррекционной педагогики
700 Другие авторы __
a Другие авторы Стребелева Е.А.
q Полное имя Стребелева Елена Антоновна
u Дополнение Институт коррекционной педагогики
856 Электронный адрес документа 4_
a Имя сервера/домена znanium.ru
m Помощь ebs_support@infra-m.ru
n Местонахождение сервера НИЦ ИНФРА-М
u URL https://znanium.ru/catalog/document?id=472184
856 Электронный адрес документа 48
a Имя сервера/домена znanium.ru
d Путь /cover/2219
f Электронное имя 2219016.jpg
q Тип электронного формата image/jpeg
u URL https://znanium.ru/cover/2219/2219016.jpg
911 __
u 0030=https://znanium.ru/catalog/document?id=472184
911 __
u 712a=Московский городской педагогический университет
911 __
u 712a=Российская академия образования